LEADER 01166nam a2200277 i 4500 001 000000243625 003 CaOOAMICUS 005 20150714000000.0 008 150714s1993 it u000 u ita u 013 $a222530 020 $a88-397-0793-X 040 $aSeMil$bita 100 1 $a* Intestazione al titolo.$0(OLS)http://semarc/name/176 245 10$aGadda al microfono :$bL'ingegnere e la Rai 1950-1955 /$c; a cura di Giulio Ungarelli. 260 $aTorino :$bNuova Eri,$c1993. 300 $a221 p. :$bill. ;$c22 cm. 500 $aContiene : Appendice. 600 14$aGadda, Carlo Emilio <1893-1973>.$0(OLS)http://semarc/subject/12987 650 4$aTelevisione.$0(OLS)http://semarc/subject/8144 700 1 $aUngarelli, Giulio.$0(OLS)http://semarc/name/41192 850 $aSeMil 852 $aSeMil$W1$xVenegono$y1$m1O II 200 =$j193971$B193971$CSeMilBibl$Z2$F204648 $81 961 $aOmaggio: Martinelli don Romano 996 $6020$a88-397-0793-X$9(OLS)http://semarc/number/251482 996 $6245$aGadda al microfono :$bL'ingegnere e la Rai 1950-1955$9(OLS)http://semarc/title/345507 996 $6260$aTorino :$bNuova Eri$9(OLS)http://semarc/publisher/32850 LEADER 01244nas a2200289 i 4500 001 000000178581 003 CaOOAMICUS 005 20100111000000.0 008 090330b2009 gw uu u0 0mul r 013 $a156154 040 $aSeMil$bita 245 10$a2009 /$cin Verbindung mit Svend Andersen ... [et al.] ; herausgegeben von Christoph Schwöbel. 260 $aBerlin ; New York :$bDe Gruyter,$ccopyr. 2009. 300 $a[28], 460 p. ;$c23 cm. 500 $aArticoli con sintesi in tedesco [Zusammenfassung] e in inglese [Summary] in coda. 700 1 $aAndersen, Svend.$0(OLS)http://semarc/name/49183 700 1 $aSchwöbel, Christoph,$d<1955-2021>.$0(OLS)http://semarc/name/49185 773 0 $tNeue Zeitschrift für Systematische Theologie und Religionsphilosophie.$dBerlin : Töpelmann $x0028-3517$w()2512 774 0 $t2009 : 1.$w()270742 774 0 $t2009 : 2.$w()271304 774 0 $t2009 : 3.$w()271807 774 0 $t2009 : 4.$w()272131 850 $aSeMil 852 $aSeMil$W1$xVenegono$y1$m136 4 51$j129354$B129354$CSeMilBibl$Z2$F146791 $85 961 $aAbbonamento: De Gruyter 996 $6245$a2009$9(OLS)http://semarc/title/254631 996 $6260$aBerlin ; New York :$bDe Gruyter$9(OLS)http://semarc/publisher/29892